Responses for Show #3423 - Wednesday, June 23, 1999

Terry Currin game 3.

Contestants

[<< previous game]

Laurie Utterback, an editor from Seattle, Washington

Patrick Preston, an administrative coordinator from Glendale, California

Terry Currin, a systems analyst from White Lake, Michigan (whose 2-day cash winnings total $15,099)

[next game >>]

Jeopardy! Round responses

FAMILY TIES
WORLD CITIES
CLASSIC MOVIES
PRESIDENTIAL NICKNAMES
(Alex: A whole category devoted to...)
HAUTE CUISINE
ENDS IN "IC"
    $100 1
(P: Who is Versace?)

Gianni Versace

TerryPatrick
    $100 15
Hiroshima

Laurie
    $100 23
It's A Wonderful Life

Patrick
    $100 10
Thomas Jefferson

Patrick
    $100 16
White wine

Patrick
    $100 6
Logic

Terry
    $200 2
Niekro brothers

Terry
    $200 17
Liverpool

Laurie
    $200 24
O'Hara

Laurie
    $200 11
George Washington

Patrick
    $200 18
(P: What is Reese's?)

Snickers

TerryPatrick
    $200 7
Music

Laurie
    $300 3
(L: Who are the Luden brothers?)
(T: Who are the Duryea brothers?)

Stanley brothers

TerryLaurie
Triple Stumper
    $300 20
Tehran

Patrick
    $300 25
(less than a minute to go...)

Bing Crosby & Bob Hope

Patrick
    $300 12
Chester A. Arthur

Patrick
    $300 30
Meatballs

Terry
    $300 8
Colic

Patrick
    $500 4
Shirley MacLaine

Terry
    $400 21
(L: What is Acapulco?)
(P: What is Ensenada?)

Mazatlan

PatrickLaurie
Triple Stumper
    $400 26
(L: What is "Aliens?")

The Terminator

PatrickLaurie
    $400 13
Rutherford B. Hayes

Patrick
    $400 29
Squash

Patrick
    $400 9
Mimic

Laurie
    $500 5
Udall

Terry
    $500 22
(P: What is Salzburg?)

Innsbruck

TerryPatrick
    $500 27
City Lights

Laurie
    $500 14
(P: Who was Theodore Roosevelt?)

Grover Cleveland

Patrick
Triple Stumper
    $500 28
Old Milwaukee

Patrick
    $500 19
Styptic pencil

Terry

Scores at the first commercial break (after clue 15):

Terry Patrick Laurie
$1,100 $700 $400

Scores at the end of the Jeopardy! Round:

Terry Patrick Laurie
$2,600 $1,700 $500

Double Jeopardy! Round responses

MAFIA FAMILY TIES
BALLET
TELEVISION
20th CENTURY WOMEN
FOREIGN GEOGRAPHICAL TERMS
BEFORE & AFTER
    $200 6
Jimmy Hoffa

Patrick
    $200 12
"Blue Suede Shoes"

Patrick
    $200 9
Barbara Walters

Terry
    $200 1
Amelia Earhart

Patrick
    $200 15
Lake

Laurie
    $200 23
(minute to go...)

Benedict Arnold Schwarzenegger

Laurie
    $400 7
Corleone

Patrick
    $400 20
Charlie Parker

Terry
    $400 10
Green Acres

Laurie
    $400 2
Eva Peron

Laurie
    $400 16
Peninsula

Patrick
    $400 24
"Weird Al" Capone

Laurie
    $600 8
Sicily

Terry
    $600 30
Rudolf Nureyev

Terry
    $1,000 11
Hogan's Heroes

Laurie
    $900 3
Florida

Laurie
    $600 17
(P: What is state?)

City

PatrickLaurie
    $600 25
Steely Dan Quayle

Triple Stumper
    $800 14
New England

Patrick
    $800 29
Billy the Kid

Laurie
    $800 21
(P: Who is Robin Hood?)

Zorro

TerryPatrick
    $800 4
Dorothy Hamill

Terry
    $800 18
Beach

Laurie
    $800 26
(Alex: They get better!)

John Paul the Second Time Around

Triple Stumper
    $1000 13
Capo

Terry
    $1000 28
(L: Who is Tchaikovsky?)

Sergei Prokofiev

TerryLaurie
    $1000 22
The Beverly Hillbillies

Terry
    $1000 5
(L: Who is Edna Ferber?)

Edna St. Vincent Millay

PatrickLaurie
    $1000 19
River

Triple Stumper
    $1000 27
(P: What is Pink Floyd....[time]?)

Pink Floyd Patterson

TerryPatrick

Scores at the end of the Double Jeopardy! Round:

Terry Patrick Laurie
$10,000 $2,500 $4,200
(lock game)

[wagering suggestions for these scores]

Final Jeopardy! Round responses

BRITISH LITERATURE
PatrickWhat is [Around The] Fantastic Voyage
$2,400
LaurieWhat is The Time Machine?
$4,000
TerryWhat is Ulysses?
$1,000
The Time Machine

Final scores:

Terry Patrick Laurie
$9,000 $100 $8,200
3-day champion: $24,099 3rd place: Panasonic Large Color LCD Palmcorder 2nd place: 12-day Cooking Tour of Italy

Game dynamics:

Coryat scores:

Terry Patrick Laurie
$9,900 $2,500 $3,500
19 R
(including 1 DD),
1 W
19 R,
8 W
16 R
(including 2 DDs),
5 W

Combined Coryat: $15,900

[game] [game scores] [suggest correction]

Game tape date: Unknown
The J! Archive is created by fans, for fans. Scraping, republication, monetization, and malicious use prohibited; this site may use cookies and collect identifying information. See terms. The Jeopardy! game show and all elements thereof, including but not limited to copyright and trademark thereto, are the property of Jeopardy Productions, Inc. and are protected under law. This website is not affiliated with, sponsored by, or operated by Jeopardy Productions, Inc. Join the discussion at JBoard.tv.